00545nam a2200133Ia 4500008004100000050002200041082002200063110009600085245007100181260005600252500004500308505002700353650003100380120629s9999 xx 000 0 und d aCD 349.7241 M479c aCD 349.7241 M479c aMéxico, Suprema Corte de Justicia de la Nación, Centro de Documentación y Análisis aH. Congreso del estado libre y soberano de Campeche compilaCamp. 1 aMéxico : Suprema Corte de Justicia de la Nación a1. Disco compacto : il : col : 4 3/4 plg aCompilaciòn de Leyes a1. CAMPECHE-LEGISLACIONÌ